|
|
|
|
| LEADER |
01674nam a2200481 i 4500 |
| 001 |
nkc20162803963 |
| 003 |
CZ PrNK |
| 005 |
20160906103120.0 |
| 007 |
ta |
| 008 |
160610s2016 xr f 001 0 cze |
| 015 |
|
|
|a cnb002803963
|
| 020 |
|
|
|a 978-80-7502-149-6
|q (vázáno)
|
| 035 |
|
|
|a (OCoLC)960190066
|
| 040 |
|
|
|a ABA001
|b cze
|d BOA001
|e rda
|
| 041 |
0 |
|
|a cze
|b eng
|
| 072 |
|
7 |
|a 321
|x Politologie
|2 Konspekt
|9 15
|
| 080 |
|
|
|a 321.01
|2 MRF
|
| 080 |
|
|
|a (048.8:082)
|2 MRF
|
| 100 |
1 |
|
|a Kysela, Jan,
|d 1974-
|7 ola2003182124
|4 aut
|
| 245 |
1 |
0 |
|a Kolos na hliněných nohou? :
|b k proměnám státu a jeho rolí /
|c Jan Kysela, Pavel Ondřejek a kolektiv
|
| 250 |
|
|
|a Vydání první
|
| 264 |
|
1 |
|a Praha :
|b Leges,
|c 2016
|
| 300 |
|
|
|a 320 stran ;
|c 21 cm
|
| 336 |
|
|
|a text
|b txt
|2 rdacontent
|
| 337 |
|
|
|a bez média
|b n
|2 rdamedia
|
| 338 |
|
|
|a svazek
|b nc
|2 rdacarrier
|
| 490 |
1 |
|
|a Teoretik
|
| 504 |
|
|
|a Obsahuje bibliografii, bibliografické odkazy a rejstřík
|
| 546 |
|
|
|a Anglické resumé
|
| 650 |
0 |
7 |
|a stát
|7 ph126176
|2 czenas
|
| 650 |
0 |
7 |
|a státověda
|7 ph116312
|2 czenas
|
| 650 |
0 |
9 |
|a State, The
|2 eczenas
|
| 650 |
0 |
9 |
|a theory of the state
|2 eczenas
|
| 655 |
|
7 |
|a kolektivní monografie
|7 fd501537
|2 czenas
|
| 655 |
|
9 |
|a collective monographs
|2 eczenas
|
| 700 |
1 |
|
|a Ondřejek, Pavel,
|d 1982-
|7 pna2012737095
|4 aut
|
| 830 |
|
0 |
|a Teoretik
|0 s
|
| 910 |
2 |
|
|a BOA001
|b 2-1371.520
|
| 990 |
|
|
|a BK
|
| 995 |
|
|
|a 01
|
| 991 |
|
|
|b 201608
|c NOV
|
| 996 |
6 |
|
|b 2610678543
|c 2-1371.520
|l MZK
|r Sklad / do 1 hodiny
|n 2
|p p.v.
|w 001572826
|u 000010
|a 1
|e BOA001
|j MZK50
|s P
|
| 996 |
7 |
|
|b 2610679510
|c 2-1371.520
|l MZK
|r Sklad / do 1 hodiny
|n 6
|p kup
|w 001572826
|u 000020
|a 1
|e BOA001
|j MZK50
|s A
|